000 00396nam a22001457a 4500
005 20200618133908.0
008 200618b xxu||||| |||| 00| 0 eng d
082 _a345.4 AIR
110 _aALL INDIA REPORTER
_96166
245 _aALL INDIA REPORTER [1994] [VOL-81] BOMBAY SECTION
260 _aMUMBAI
_bALL INDIA REPORTER , PVT. LTD.
300 _a256;p
650 _aLAW
_95701
942 _cJRL
999 _c7217
_d7215